Nation building on the margins: How the anthropologists of India contributed? (Record no. 518697)

000 -LEADER
fixed length control field 01311nam a22001577a 4500
008 - FIXED-LENGTH DATA ELEMENTS--GENERAL INFORMATION
fixed length control field 211027b ||||| |||| 00| 0 eng d
100 ## - MAIN ENTRY--PERSONAL NAME
Personal name Guha, Abhijit
245 ## - TITLE STATEMENT
Title Nation building on the margins: How the anthropologists of India contributed?
260 ## - PUBLICATION, DISTRIBUTION, ETC. (IMPRINT)
Place of publication, distribution, etc Sociological Bulletin
300 ## - PHYSICAL DESCRIPTION
Extent 70(1), Jan, 2021: p.59-75
520 ## - SUMMARY, ETC.
Summary, etc The contributions of the anthropologists towards nation building in the early years after independence of India is still an unexplored research agenda in the social sciences in general and anthropology and sociology in particular. Under this background, an exploration is made in this study to search the contributions of anthropologists towards nation building and it revealed that there were at least five pioneering researches which dealt with the three major challenges confronted by the planners in newly independent India, and the challenges before the nation were famine, resettlement of refugees and industrialisation and big dam building. Apart from methodology, all the five studies have immense contemporary policy relevance. – Reproduced
650 ## - SUBJECT ADDED ENTRY--TOPICAL TERM
Topical term or geographic name as entry element Nation building, Resettlement, Refugees, Famine, History of anthropology, Development caused displacement
9 (RLIN) 28201
773 ## - HOST ITEM ENTRY
Main entry heading Sociological Bulletin
906 ## - LOCAL DATA ELEMENT F, LDF (RLIN)
Subject DIP NATION BUILDING
942 ## - ADDED ENTRY ELEMENTS (KOHA)
Item type Articles
Holdings
Withdrawn status Lost status Source of classification or shelving scheme Damaged status Not for loan Permanent location Current location Date acquired Serial Enumeration / chronology Barcode Date last seen Koha item type
          Indian Institute of Public Administration Indian Institute of Public Administration 2021-10-27 70(1), Jan, 2021: p.59-75 AR125795 2021-10-27 Articles

Powered by Koha